[Event "Yerevan ol (Men)"]
[Site "Yerevan"]
[Date "1996.??.??"]
[Round "6"]
[White "Kaminski, Marcin"]
[Black "Ahmed, Esam Aly"]
[Result "1-0"]
[WhiteElo "2525"]
[BlackElo "2385"]

1.e4 c5 2.Nf3 e6 3.d4 cxd4 4.Nxd4 a6 5.Bd3 Nf6 6.O-O Qc7 7.Kh1 d6 8.f4 Nbd7
9.Qe1 Nc5 10.Nd2 e5 11.fxe5 dxe5 12.N4f3 Be6 13.Qg3 O-O-O 14.b3 Nh5 15.Qxe5 Nxd3
16.Qxc7+ Kxc7 17.cxd3 Bb4 18.Ne1 Bc3 19.Rb1 g5 20.Ndf3 g4 21.Bd2 Bxd2 22.Nxd2 b5
23.Rc1+ Kb6 24.Nb1 Rhf8 25.Nc3 f5 26.Nc2 fxe4 27.Rxf8 Rxf8 28.Nd4 Re8 29.dxe4 Nf6
30.e5 Nd7 31.Nxe6 Rxe6 32.Nd5+ Ka5 33.b4+ Ka4 34.Rb1  1-0

[Event "Yerevan ol (Men)"]
[Site "Yerevan"]
[Date "1996.??.??"]
[Round "7"]
[White "Westerinen, Heikki MJ"]
[Black "Zagorskis, Darius"]
[Result "1/2-1/2"]
[WhiteElo "2430"]
[BlackElo "2520"]

1.e4 c5 2.Nf3 e6 3.d4 cxd4 4.Nxd4 a6 5.Bd3 Qb6 6.Nb3 Qc7 7.O-O Nf6 8.c4 d6
9.Nc3 b6 10.f4 Nbd7 11.Qe2 Be7 12.Bd2 Bb7 13.Rae1 Rd8 14.Rf3 Nc5 15.Nxc5 dxc5
16.Rh3 Nd7 17.e5 g6  1/2-1/2

[Event "Yerevan ol (Women)"]
[Site "Yerevan"]
[Date "1996.??.??"]
[Round "8"]
[White "Madl, Ildiko"]
[Black "Ioseliani, Nana"]
[Result "0-1"]
[WhiteElo "2385"]
[BlackElo "2500"]

1.e4 c5 2.Nf3 e6 3.d4 cxd4 4.Nxd4 a6 5.Bd3 Nf6 6.O-O d6 7.c4 Be7 8.Nc3 O-O
9.f4 Nbd7 10.Qe2 g6 11.Nf3 Qc7 12.e5 Ne8 13.Bd2 b6 14.Rae1 Bb7 15.Kh1 Rd8
16.Bc1 Nc5 17.Bb1 Ng7 18.exd6 Bxd6 19.Ne5 Qe7 20.Qf2 Qc7 21.Qe2 Be7 22.Be3 Nf5
23.Bxf5 exf5 24.Rd1 f6 25.Nf3 Bd6 26.Nd4 Qf7 27.b3 Rfe8 28.Qf2 Bc7 29.Nc2 Nd3
30.Qg3 Qe6 31.Qh4 b5 32.Bd4 Nxf4 33.Qxf6 Bxg2+ 34.Kg1 Qxf6 35.Bxf6 Bb6+ 36.Rf2 Rxd1+
37.Nxd1 Bf3 38.Bd4 Bxd4 39.Nxd4 Re1+ 40.Rf1 Nh3+  0-1

[Event "Yerevan ol (Men)"]
[Site "Yerevan"]
[Date "1996.??.??"]
[Round "8"]
[White "Mannion, Stephen R"]
[Black "Galego, Luis"]
[Result "0-1"]
[WhiteElo "2365"]
[BlackElo "2435"]

1.e4 c5 2.Nf3 e6 3.d4 cxd4 4.Nxd4 a6 5.Bd3 Nc6 6.Nxc6 dxc6 7.Nd2 e5 8.Qh5 Bd6
9.Nc4 Nf6 10.Nxd6+ Qxd6 11.Qe2 O-O 12.O-O Re8 13.a4 Be6 14.b3 c5 15.Bb2 Rac8
16.Kh1 Qc6 17.f4 c4 18.bxc4 Nd7 19.fxe5 Bxc4 20.Qh5 Be6 21.Bd4 Nc5 22.Bxc5 Qxc5
23.Rab1 Rc7 24.Rf4 Qd4 25.Rbf1 Qxa4 26.h3 Qd4 27.R1f3 g6 28.Rg3 Kh8 29.Qg5 Rc5
30.Rh4 Qxe5 31.Qh6 Qg7 32.Qe3 Re5 33.Rf4 Ra5 34.Rf1 Ra1 35.Rf3 Rxf1+ 36.Rxf1 Qb2
37.Qc5 Kg8 38.Qc7 Rc8 39.Qa5 Qc3 40.Qa4 Rc6 41.Rf3 Qe5 42.Qb4 Qc7 43.Rf1 b5
44.Qa3 Qd6 45.Qa5 h5 46.Ra1 Kg7 47.Rf1 Qe5 48.Qd8 b4 49.Qe7 Qd6 50.Qf6+ Kh7
51.e5 Qd7 52.Qg5 Bc4 53.Qxh5+ Kg7 54.Qe2 Bxd3 55.cxd3 a5 56.Qa2 Qc7 57.Qb2 Rc2
58.Qd4 Qc5 59.Qf4 Qd5 60.Rf3 Re2 61.Qf6+ Kg8 62.d4 a4 63.Rg3 b3 64.Rxg6+ fxg6
65.Qxg6+ Kf8 66.Qh6+ Ke7 67.Qg5+ Kd7 68.Qg4+ Kd8 69.Qxe2 Qxd4 70.Qb5 b2 71.Qb8+ Ke7
72.Qc7+ Ke6 73.Qc8+ Kxe5 74.Qh8+ Ke4 75.Qh4+ Kd3 76.Qh7+ Qe4 77.Qd7+ Kc3
78.Qc7+ Qc4 79.Qg7+ Kb3 80.Qg6 Ka2  0-1

[Event "Yerevan ol (Men)"]
[Site "Yerevan"]
[Date "1996.??.??"]
[Round "8"]
[White "Rodriguez, Amador"]
[Black "Strikovic, Aleksa"]
[Result "1/2-1/2"]
[WhiteElo "2510"]
[BlackElo "2550"]

1.e4 c5 2.Nf3 e6 3.d4 cxd4 4.Nxd4 a6 5.Bd3 Nf6 6.O-O Qc7 7.Qe2 d6 8.c4 g6
9.Nc3 Bg7 10.Nf3 O-O 11.Bf4 Nc6 12.h3 Nd7 13.Rac1 Nde5 14.Rfd1 b6 15.Qe3 Nxf3+
16.Qxf3 Ne5 17.Qe3 Bb7 18.b3 Rab8 19.Bb1 Rfe8 20.Bh6 Bxh6 21.Qxh6 f6  1/2-1/2

[Event "Yerevan ol (Men)"]
[Site "Yerevan"]
[Date "1996.??.??"]
[Round "8"]
[White "Stefansson, Hannes"]
[Black "Ionescu, Constantin"]
[Result "1-0"]
[WhiteElo "2560"]
[BlackElo "2520"]

1.e4 c5 2.Nf3 e6 3.d4 cxd4 4.Nxd4 a6 5.Bd3 Nf6 6.O-O d6 7.c4 b6 8.Nc3 Bb7
9.Qe2 Nc6 10.Nxc6 Bxc6 11.Bg5 Be7 12.Rad1 Nd7 13.Bxe7 Qxe7 14.Bc2 Nf6 15.Qe3 Qc7
16.Qg3 Ke7 17.Qxg7 Rhg8 18.Qh6 b5 19.cxb5 axb5 20.a3 Rab8 21.Rd4 e5 22.Rb4 Qd7
23.f3 Rg6 24.Qd2 Rbg8 25.Rf2 Nh5 26.Nd5+ Bxd5 27.exd5 R6g7 28.Bd3 Nf4 29.Rxf4 exf4
30.Qxf4 Rb8 31.Bxh7 b4 32.axb4 Qa7 33.g4 Qb6 34.Bf5 Qxb4 35.Qe3+ Kf8 36.Kg2 Re8
37.Qh6 Re5 38.Qf6 Re8 39.h4  1-0

[Event "Yerevan ol (Women)"]
[Site "Yerevan"]
[Date "1996.??.??"]
[Round "10"]
[White "Batceceg, Cagaan"]
[Black "Ratcu, Tatiana"]
[Result "1-0"]
[WhiteElo "2195"]
[BlackElo "2190"]

1.e4 c5 2.Nf3 e6 3.d4 cxd4 4.Nxd4 a6 5.Bd3 Qc7 6.O-O Nf6 7.Qe2 d6 8.Nc3 Be7
9.Kh1 O-O 10.f4 Nc6 11.Be3 Re8 12.a4 b6 13.e5 Nxd4 14.Bxd4 Nd7 15.Rf3 g6
16.Rh3 dxe5 17.fxe5 Bb7 18.Rf1 Nf8 19.Be4 Bb4 20.Nd1 Rad8 21.c3 Bc5 22.Bxb7 Bxd4
23.cxd4 Qxb7 24.Rh4 h5 25.Nf2 Re7 26.Ne4 Kg7 27.Nf6 Rd5 28.Qf3 b5 29.Nxd5 exd5
30.axb5 Qxb5 31.Qf6+ Kg8 32.Rhf4 Rb7 33.Qd8 Kg7 34.R4f2 Ne6 35.Qf6+ Kg8 36.Rc1 Qe8
37.Rfc2 Rb8 38.Qf2 Qd7 39.h3 Kg7 40.Rc6 Qa7 41.Qf6+ Kg8 42.Rc8+ Nf8 43.R1c7  1-0

[Event "Yerevan ol (Women)"]
[Site "Yerevan"]
[Date "1996.??.??"]
[Round "10"]
[White "Dworakowska, Joanna"]
[Black "Medvegy, Nora"]
[Result "1-0"]
[WhiteElo "2295"]
[BlackElo "2295"]

1.e4 c5 2.Nf3 e6 3.d4 cxd4 4.Nxd4 a6 5.Bd3 Qc7 6.O-O Nf6 7.c4 Bc5 8.Nb3 Be7
9.Nc3 b6 10.f4 d6 11.e5 Nfd7 12.Qg4 g6 13.exd6 Qxd6 14.Qe2 Bb7 15.Be3 Nc6
16.Rad1 Qc7 17.f5 gxf5 18.Bf4 Nce5 19.Bxf5 exf5 20.Rxd7 Qxd7 21.Qxe5 f6 22.Qe2 O-O-O
23.Rd1 Qc6 24.Nd5 Rhe8 25.Qxe7 Ba8 26.Qa7 Rxd5 27.cxd5  1-0

[Event "Yerevan ol (Women)"]
[Site "Yerevan"]
[Date "1996.??.??"]
[Round "10"]
[White "Ptacnikova, Lenka"]
[Black "Koskoska, Gabriela"]
[Result "1/2-1/2"]
[WhiteElo "2210"]
[BlackElo "2150"]

1.e4 c5 2.Nf3 e6 3.d4 cxd4 4.Nxd4 a6 5.Bd3 Nf6 6.O-O Qc7 7.Qe2 d6 8.c4 Be7
9.Nc3 Nc6 10.Be3 Ne5 11.h3 b6 12.Rac1 Bb7 13.b3 Nxd3 14.Qxd3 O-O 15.Rfd1 Rad8
16.f4 Rfe8 17.Nf3 Ba8 18.Bf2 Qb7 19.Re1 d5 20.cxd5 exd5 21.e5 Ne4 22.Bd4 b5
23.Re2 Bc5 24.Ng5 h6 25.Bxc5 hxg5 26.Nxe4 dxe4 27.Qg3 gxf4 28.Qxf4 Qd5 29.Bd6 Rc8
30.Rf1 Qe6 31.Qg5 Qh6 32.Qxh6 gxh6 33.Ref2 Bd5 34.Rd1 Bb7 35.Kh2 Rc3 36.Rb2 Rec8
37.Be7 e3 38.Re2 Rc2 39.Rde1 a5 40.Kg3 Rd2 41.Kf4 Rcc2 42.Kxe3 Rxe2+ 43.Rxe2 Rxe2+
44.Kxe2 Bxg2 45.h4 a4 46.bxa4  1/2-1/2

[Event "Yerevan ol (Men)"]
[Site "Yerevan"]
[Date "1996.??.??"]
[Round "11"]
[White "Rodriguez, Amador"]
[Black "Fiorito, Fabian"]
[Result "1-0"]
[WhiteElo "2510"]
[BlackElo "2470"]

1.e4 c5 2.Nf3 e6 3.d4 cxd4 4.Nxd4 a6 5.Bd3 Bc5 6.Nb3 Ba7 7.Nc3 Nc6 8.Qe2 d6
9.Be3 b5 10.O-O Nf6 11.f4 O-O 12.Bxa7 Nxa7 13.Kh1 e5 14.a4 b4 15.Nd5 exf4
16.Rxf4 Nd7 17.Qf2 Nc6 18.Nd4 Nxd4 19.Qxd4 a5 20.Raf1 Nc5 21.R4f3 Ne6 22.Qf2 Ng5
23.Rg3 Kh8 24.Qe3 f6 25.Nf4 Ne6 26.Nd5 Rf7  1-0

[Event "Yerevan ol (Men)"]
[Site "Yerevan"]
[Date "1996.??.??"]
[Round "12"]
[White "Mannion, Stephen R"]
[Black "Moldobaev, Emil"]
[Result "0-1"]
[WhiteElo "2365"]
[BlackElo "2490"]

1.e4 c5 2.Nf3 e6 3.d4 cxd4 4.Nxd4 a6 5.Bd3 Ne7 6.O-O Nbc6 7.Nb3 Ng6 8.f4 Be7
9.N1d2 Qc7 10.f5 Nge5 11.fxe6 dxe6 12.Nf3 O-O 13.Bf4 Bd6 14.Nxe5 Bxe5 15.Bxe5 Nxe5
16.Qe2 Bd7 17.Kh1 Rac8 18.Rad1 Ba4 19.Rc1 Rfd8 20.Rfd1 h6 21.h3 Qb6 22.Rd2 Rd6
23.Rcd1 Rcd8 24.Qf1 Bxb3 25.axb3 Qe3 26.Qg1 Qg3 27.Qh2 Qxh2+ 28.Kxh2 g5 29.Kg3 Kg7
30.Kf2 f5 31.exf5 exf5 32.Ke2 Kf6 33.Rf1 Nxd3 34.Rxd3 Rxd3 35.cxd3 Rd6 36.Kd2 f4
37.h4 Kf5 38.hxg5 hxg5 39.g3 Rh6 40.gxf4 g4 41.Ke3 Re6+ 42.Kf2 Rb6 43.Ke3 Re6+
44.Kf2 Kxf4 45.Kg2+ Kg5 46.Rf7 Rb6 47.Rg7+ Kf4 48.Rf7+ Ke3 49.Kg3 Kxd3 50.Rf2 Rb4
51.Rh2 a5 52.Rf2 b5 53.Rh2 Re4 54.Rh5 b4 55.Rc5 Re2 56.Rxa5 Rxb2 57.Kxg4 Rxb3
58.Rb5 Kc4 59.Rb8 Re3 60.Kf4 Re7 61.Rc8+ Kd3 62.Rb8 Kc3 63.Rc8+ Kb2 64.Rb8 b3
65.Kf3 Kc2 66.Kf2 b2 67.Rc8+ Kb3 68.Rb8+ Ka2 69.Ra8+ Kb1 70.Rc8 Ra7  0-1

[Event "Yerevan ol (Men)"]
[Site "Yerevan"]
[Date "1996.??.??"]
[Round "12"]
[White "Sousa, Armindo"]
[Black "Zapata, Alonso"]
[Result "0-1"]
[WhiteElo "2230"]
[BlackElo "2525"]

1.e4 c5 2.Nf3 e6 3.d4 cxd4 4.Nxd4 a6 5.Bd3 Nf6 6.O-O Qc7 7.Nc3 Nc6 8.Nb3 b5
9.a3 Be7 10.f4 d6 11.Kh1 O-O 12.Qf3 Bb7 13.Qh3 Rad8 14.Bd2 b4 15.Ne2 bxa3
16.bxa3 e5 17.fxe5 dxe5 18.Ng3 Bc8 19.Nf5 Bxf5 20.Rxf5 a5 21.a4 Nb4 22.Bxb4 Bxb4
23.Qg3 Nd7 24.Rf2 Nb6 25.Bb5 Qc3 26.Qxc3 Bxc3 27.Raf1 Rc8 28.Rd1 Rfd8 29.Rd3 Kf8
30.Rf1 Bb4 31.Rc1 Ke7 32.Rxd8 Rxd8 33.Kg1 Bc3 34.Kf2 Rc8 35.Rd1 Bb4 36.c4 Nxc4
37.Rd7+ Kf6 38.Ba6 Rc6 39.Bb5 Rd6 40.Rc7 Nb2 41.Rc6 Nd1+ 42.Kf3 Rxc6 43.Bxc6 h5
44.Nc1 Bc5 45.Nb3 Bb6 46.Nd2 Ne3 47.Bb5 Nc2 48.Nc4 Nd4+ 49.Kg3 Bc7 50.Ba6 Kg5
51.h4+ Kf6 52.Ne3 Bd6 53.Nd5+ Kg6 54.Ne3 Bb4 55.Kf2 Bc5 56.Nc4 Kf6 57.Kg3 Bb4
58.Kf2 g6 59.Ne3 Bc5 60.Kg3 Nb3 61.Nc4 Bb4 62.Bb7 Be1+ 63.Kh3 Nd4 64.Bd5 Ne2
65.g3 Nxg3 66.Kg2 Nxe4 67.Bxe4 Ke6 68.Bc6 Bc3 69.Kf3 f5 70.Be8 Kf6 71.Ne3 Be1
72.Nd5+ Kg7 73.Ne7 Kf8 74.Bxg6 Kxe7 75.Bxf5 Kf6 76.Bd7 Bxh4 77.Ke4 Bf2 78.Kf3 Ke7
79.Bh3 Bd4 80.Ke4 Kd6 81.Bf5 Kc5 82.Kf3 Bg1 83.Kg2 Be3 84.Kf3 Kd4 85.Bg6 h4
86.Bf5 Bg5 87.Ke2 e4 88.Bd7 Ke5 89.Kf2 Kf4 90.Bc8 Be7 91.Bd7 Bc5+ 92.Ke2 Kg3
93.Bc6 e3 94.Ba8 h3 95.Bc6 Kh2 96.Bd7 Kg2  0-1

[Event "Yerevan ol (Women)"]
[Site "Yerevan"]
[Date "1996.??.??"]
[Round "12"]
[White "Connolly, Suzanne"]
[Black "Koskoska, Gabriela"]
[Result "1/2-1/2"]
[WhiteElo "2005"]
[BlackElo "2150"]

1.e4 c5 2.Nf3 e6 3.d4 cxd4 4.Nxd4 a6 5.Bd3 Bc5 6.Nf3 Nc6 7.O-O Qc7 8.c4 Nf6
9.Qe2 Ng4 10.g3 h5 11.Bf4 d6 12.Nc3 Nce5 13.Nxe5 dxe5 14.Bg5 Bd7 15.a3 f6
16.Bd2 g5 17.Kg2 O-O-O 18.b4 Bd4 19.Rac1 Kb8 20.b5 axb5 21.Nxb5 Bxb5 22.cxb5 Qb6
23.Be1 Nh6 24.a4 f5 25.a5 Qd6 26.Bc4 h4 27.f3 g4 28.f4 hxg3 29.hxg3 exf4
30.gxf4 Qa3 31.Bg3 Qxa5 32.Bxe6 Rde8 33.Qc4 Qb6 34.exf5 Ng8 35.Rc2 Nf6 36.Rb1 Ne4
37.Qa2 Nc5 38.Bf2 Nxe6 39.fxe6 Bxf2 40.Rxf2 Rc8 41.Qd5  1/2-1/2

[Event "Yerevan ol (Men)"]
[Site "Yerevan"]
[Date "1996.??.??"]
[Round "13"]
[White "Kanengoni, Arnold T"]
[Black "Janahi, Zeyaad"]
[Result "1-0"]
[WhiteElo "2230"]
[BlackElo "2185"]

1.e4 c5 2.Nf3 e6 3.d4 cxd4 4.Nxd4 a6 5.Bd3 Nf6 6.O-O Qc7 7.Nc3 Be7 8.Be3 O-O
9.Kh1 b5 10.a3 Bb7 11.Qf3 d6 12.Qh3 Nbd7 13.Nde2 Rfd8 14.f4 Nc5 15.Ng3 g6
16.Rae1 d5 17.Bxc5 Bxc5 18.e5 Ne8 19.f5 exf5 20.Nxf5 Bc8 21.Nh6+ Kg7 22.e6 Bxe6
23.Rxe6 fxe6 24.Rf7+ Qxf7 25.Nxf7 Kxf7 26.Qxh7+ Ng7 27.Qxg6+ Kg8 28.h4 e5
29.h5 Rd6 30.Qh7+ Kf7 31.Bg6+ Kf6 32.g4 Be3 33.Be4 Kf7 34.Bxd5+ Rxd5 35.Nxd5 Rd8
36.Qg6+ Kg8 37.Nxe3  1-0

[Event "Zalakaros op"]
[Site "Zalakaros"]
[Date "1996.??.??"]
[Round "2"]
[White "Bagonyai, Attila"]
[Black "Pugachov, Alexey"]
[Result "1-0"]
[WhiteElo "2260"]
[BlackElo "2445"]

1.e4 c5 2.Ne2 e6 3.d4 cxd4 4.Nxd4 a6 5.Bd3 Nf6 6.O-O d6 7.Kh1 Bd7 8.f4 Nc6
9.c3 Be7 10.Nd2 O-O 11.N2f3 Qc7 12.Be3 e5 13.fxe5 dxe5 14.Nb3 Rad8 15.Qe2 Na5
16.Nxa5 Qxa5 17.a4 Rc8 18.Rfc1 Qc7 19.b4 Nh5 20.a5 Be6 21.Bb6 Qb8 22.Qe3 Nf4
23.Ba7 Qd6 24.Bf1 f6 25.c4 Qc6 26.c5 Bg4 27.Rd1 Kh8 28.Bb6 Ne6 29.Bc4 Bxf3
30.gxf3 Nd4 31.Bd5 Qd7 32.Rxd4 exd4 33.Qxd4 Bd8 34.Qc4 Qh3 35.Qb3 Bc7 36.Bxc7 Rxc7
37.Be6 Qh4 38.Rd1 Qf2 39.Qd3 Re7 40.Bd5 f5 41.c6 fxe4 42.Bxe4 bxc6 43.Qd6 Ree8
44.Qxc6 Rd8 45.Rg1 Rd2 46.Qc7 Qd4 47.Qc5 Rb8 48.Qh5 g6 49.Bxg6 Rb7 50.Be4 Re7
51.Qf5  1-0

[Event "Zalakaros op"]
[Site "Zalakaros"]
[Date "1996.??.??"]
[Round "3"]
[White "Feher, Gyula"]
[Black "Chuprov, Dmitry"]
[Result "1/2-1/2"]
[WhiteElo "2395"]
[BlackElo "2460"]

1.e4 c5 2.Nf3 e6 3.d4 cxd4 4.Nxd4 a6 5.Bd3 Nf6 6.O-O d6 7.c4 Be7 8.Nc3 Qc7
9.Kh1 b6 10.f4 Bb7 11.Qe2 Nbd7 12.Bd2 h5 13.Rae1 h4 14.f5 e5 15.Nf3 h3 16.g3 Nc5
17.Bb1 a5 18.b3 Bc6 19.Bc2 Qd7 20.a4 Qb7 21.Nd5 Bd8 22.Rg1 Nfd7 23.g4 Bh4
24.Nxh4 Rxh4 25.Rg3 Nf6 26.Bg5 Bxd5 27.exd5 Rh7 28.Qf3 O-O-O 29.Rxh3 Rdh8
30.Rxh7 Nxh7 31.Bh4 f6 32.Qe3 Qe7 33.Bg3 Ng5 34.h4 Nf7 35.Kg2 Kc7 36.Be4 Nh6
37.Qf3 Nf7 38.Rb1 Ra8 39.Bf2 Qe8 40.Be3 Qe7 41.Bd2 Rh8 42.Kg3 g5 43.h5 Ra8
44.Qe3 Qd7 45.Kf3 Nh6 46.Qe2 Qf7 47.Qe3  1/2-1/2

[Event "Zalakaros op"]
[Site "Zalakaros"]
[Date "1996.??.??"]
[Round "6"]
[White "Turzo, Attila"]
[Black "Pugachov, Alexey"]
[Result "0-1"]
[WhiteElo "2360"]
[BlackElo "2445"]

1.e4 c5 2.Nf3 e6 3.d4 cxd4 4.Nxd4 a6 5.Bd3 Nf6 6.O-O d6 7.f4 Be7 8.Qe2 O-O
9.c4 Nc6 10.Nxc6 bxc6 11.Nd2 Nd7 12.Nf3 Qc7 13.b3 Bf6 14.Bb2 Bxb2 15.Qxb2 Bb7
16.e5 dxe5 17.fxe5 c5 18.Rae1 Bxf3 19.Rxf3 g6 20.h4 Rfd8 21.h5 Nf8 22.Ref1 Rd7
23.hxg6 hxg6 24.Qf2 Ra7 25.Qe3 Rd4 26.Rh3 Rxd3 27.Qxd3 Qxe5 28.Re3 Qg5 29.Qc3 Rd7
30.Qe5 Qxe5 31.Rxe5 Rc7 32.Rd1 Rc6 33.Rd8 f5 34.Kf2 Kf7 35.Re2 Ke7 36.Red2 e5
37.Ra8 Ne6 38.Ra7+ Kf6 39.Rdd7 e4 40.a4 f4 41.a5 Nd4 42.Rac7 e3+ 43.Ke1 Re6
44.Rxc5 Nf5 45.b4 Nh4 46.g4 g5 47.Rcc7 f3 48.Rf7+ Ke5 49.Kf1 e2+ 50.Kf2 Ng2
51.Rf5+ Ke4  0-1

[Event "Zaragoza op"]
[Site "Zaragoza"]
[Date "1996.??.??"]
[Round "1"]
[White "Hernandez, Gilberto"]
[Black "Paramos Dominguez, Roberto"]
[Result "1-0"]
[WhiteElo "2555"]
[BlackElo "2415"]

1.e4 c5 2.Nf3 e6 3.d4 cxd4 4.Nxd4 a6 5.Bd3 Nf6 6.O-O d6 7.c4 Be7 8.Nc3 O-O
9.Be3 Qc7 10.Rc1 Nbd7 11.f4 Re8 12.Qe2 Bf8 13.Kh1 b6 14.b4 Bb7 15.a3 Rac8
16.Nf3 Qb8 17.Bd2 g6 18.Rce1 Bg7 19.Qf2 b5 20.cxb5 Rxc3 21.Bxc3 Nxe4 22.Rxe4 Bxe4
23.Bxe4 Bxc3 24.Bc6 Rd8 25.Rc1 Bf6 26.bxa6 Nb6 27.Bb7 Na4 28.Qc2 Nc3 29.Qd2 Qc7
30.Nd4 Qb6 31.Qxc3 Bxd4 32.Qc7 Kg7 33.Qxb6 Bxb6 34.a4 d5 35.a5 Ba7 36.b5 d4
37.b6 Bb8 38.a7 Bxa7 39.Rd1  1-0

[Event "Zlin op"]
[Site "Zlin"]
[Date "1996.??.??"]
[Round "?"]
[White "Mokos, Jozef"]
[Black "Babula, Pavel"]
[Result "1-0"]
[WhiteElo "2275"]
[BlackElo "2090"]

1.e4 c5 2.Nf3 e6 3.d4 cxd4 4.Nxd4 a6 5.Bd3 Nc6 6.Nxc6 dxc6 7.O-O Bd6 8.f4 e5
9.f5 Nf6 10.Kh1 h5 11.Nd2 b5 12.a4 Bb7 13.Qe2 Nd7 14.b3 Nc5 15.axb5 cxb5
16.Rf3 Rc8 17.c4 b4 18.Bc2 Bc6 19.Rh3 h4 20.Nf3 Be7 21.Bd2 a5 22.Rd1 Qc7
23.Be1 a4 24.bxa4 b3 25.Bb1 Bxa4 26.Bxh4 Bxh4 27.Rxh4 Rxh4 28.Nxh4 Nd7 29.Qh5 Qxc4
30.Qh8+ Ke7 31.f6+ Kxf6 32.Rd6+ Kg5 33.Qxg7+ Kf4 34.Qg3+  1-0

[Event "Zwolle op"]
[Site "Zwolle"]
[Date "1996.??.??"]
[Round "2"]
[White "Mossakowski, Florian"]
[Black "Miezis, Normunds"]
[Result "1-0"]
[WhiteElo "2200"]
[BlackElo "2515"]

1.e4 c5 2.Nf3 e6 3.d4 cxd4 4.Nxd4 a6 5.Bd3 Nc6 6.Nxc6 dxc6 7.O-O e5 8.Be3 Nf6
9.f3 Bd6 10.Nc3 Qe7 11.Qd2 Be6 12.Rfd1 Rd8 13.Qf2 O-O 14.Bf1 Nd7 15.Na4 f5
16.exf5 Bxf5 17.Nb6 e4 18.Nxd7 Rxd7 19.f4 Qf6 20.c3 Rfd8 21.Bc4+ Be6 22.Qe2 Bf7
23.g3 h5 24.Rd2 Bf8 25.Rad1 Rxd2 26.Rxd2 Rxd2 27.Bxd2 Bc5+ 28.Kg2 Qf5 29.Bxf7+ Kxf7
30.Be3 Bxe3 31.Qxe3 Qd5 32.b3 c5 33.c4 Qf5 34.Qd2 Ke7 35.Kf2 h4 36.Ke3 hxg3
37.hxg3 Qh3 38.Qf2 Qh1 39.f5 Qb1 40.Kf4 Kd6 41.Qe2 Qc1+ 42.Kxe4 Kc6 43.Qd3 Qh1+
44.Ke5 Qa1+ 45.Kf4 Kc7 46.Qe3 Kb6 47.Qe5 Qc1+  1-0

[Event "RUS-Cup4"]
[Site "Perm"]
[Date "1997.02.10"]
[Round "3"]
[White "Dvoirys, Semen I"]
[Black "Kozlov, Oleg"]
[Result "1-0"]
[WhiteElo "2590"]
[BlackElo "2380"]

1.e4 c5 2.Nf3 e6 3.d4 cxd4 4.Nxd4 a6 5.Bd3 Nc6 6.Nxc6 dxc6 7.Nd2 e5 8.Nc4 Be6
9.O-O Qc7 10.Qh5 Bxc4 11.Bxc4 Nf6 12.Qf5 b5 13.Bd3 Bd6 14.Bh6 Bf8 15.a4 Rb8
16.axb5 axb5 17.Be3 c5 18.Ra5 c4 19.Ra7 Qd6 20.Be2 g6 21.Qf3 Bg7 22.Rd1 Qc6
23.Rda1 O-O 24.R1a6 Qxe4 25.Rxf6 Qxf3 26.Rxf3 e4 27.Rf4 f5 28.g4 Bxb2 29.gxf5 gxf5
30.Rh4 Bg7 31.Rh5  1-0

[Event "Passau op"]
[Site "Passau"]
[Date "1997.03.30"]
[Round "5"]
[White "Lutz, Christopher"]
[Black "Votava, Jan"]
[Result "1/2-1/2"]
[WhiteElo "2555"]
[BlackElo "2530"]

1.e4 c5 2.Nf3 e6 3.d4 cxd4 4.Nxd4 a6 5.Bd3 Nc6 6.Nxc6 dxc6 7.Nd2 e5 8.Qh5 Bd6
9.Nc4 Nf6 10.Nxd6+ Qxd6 11.Qe2 O-O 12.O-O Be6 13.Be3 c5 14.f3 Rac8 15.c3 Rfd8
16.Rfd1 c4 17.Bc2 Qc7 18.Qf2 Rxd1+ 19.Rxd1 Rd8 20.Rxd8+ Qxd8 21.Qd2 Qxd2
22.Bxd2 Nd7 23.b4 cxb3 24.axb3 b5 25.b4 f6 26.Be3 Bc4 27.Kf2 Kf7 28.h4 h6
29.g3 Ke7 30.f4 Kd6 31.Ba7 Ke7 32.Bd1 Be6 33.Be2 Kd6 34.Ke1 Ke7 35.Kd2 Kd6
36.Be3 Kc6 37.Kc2 Kd6 38.Bh5 Ke7 39.Bf3 Kd6 40.Be2 Kc6 41.Bh5  1/2-1/2

[Event "RUS-Cup7"]
[Site "Kstovo"]
[Date "1997.05.04"]
[Round "4"]
[White "Lobzhanidze, Davit"]
[Black "Lastin, Alexander"]
[Result "1/2-1/2"]
[WhiteElo "2375"]
[BlackElo "2535"]

1.e4 c5 2.Nf3 e6 3.d4 cxd4 4.Nxd4 a6 5.Bd3 Nf6 6.O-O d6 7.c4 Bd7 8.Nc3 Nc6
9.Nxc6 Bxc6 10.b4 Be7 11.b5 Bd7 12.a4 O-O 13.Be3 Qc7 14.a5 axb5 15.Bb6 Qc8
16.Nxb5 Bc6 17.Na7 Qd7 18.Nxc6 Qxc6 19.Qa4 Qc8 20.Qb5 Nd7 21.Rfb1 Bf6 22.Ra3 Nxb6
23.Qxb6 Bd8 24.Qxb7  1/2-1/2

[Event "Villa Martelli"]
[Site "Villa Martelli"]
[Date "1997.06.02"]
[Round "2"]
[White "Spangenberg, Hugo"]
[Black "Ricardi, Pablo"]
[Result "1-0"]
[WhiteElo "2550"]
[BlackElo "2575"]

1.e4 c5 2.Nf3 e6 3.d4 cxd4 4.Nxd4 a6 5.Bd3 Nc6 6.Nxc6 bxc6 7.O-O d5 8.c4 Nf6
9.Nc3 Ra7 10.cxd5 cxd5 11.Be3 Rd7 12.Qa4 Be7 13.e5 Nh5 14.Ne2 O-O 15.Nd4 Rc7
16.Be2 g6 17.Bxh5 gxh5 18.Bh6 Rc4 19.Qd1 Qb6 20.Bxf8 Rxd4 21.Bxe7 Rxd1 22.Rfxd1 f5
23.b4 d4 24.Bc5 Qc6 25.Rxd4 Bb7 26.f3 Qa4 27.Re1 Kf7 28.h4 Bd5 29.Rxd5 exd5
30.e6+ Ke8 31.e7 Qxa2 32.Re6 Qb2 33.Rxa6  1-0

[Event "RUS-Cup9"]
[Site "Novgorod"]
[Date "1997.06.13"]
[Round "3"]
[White "Zagrebelny, Sergey"]
[Black "Vyzmanavin, Alexey"]
[Result "1/2-1/2"]
[WhiteElo "2480"]
[BlackElo "2585"]

1.e4 c5 2.Nf3 e6 3.d4 cxd4 4.Nxd4 a6 5.Bd3 d5 6.exd5 Qxd5 7.O-O Nf6 8.Nc3 Qd8
9.Bf4 Be7 10.Re1 O-O 11.h3 Bd7 12.Qf3 Nc6 13.Nb3 Nb4 14.Qxb7 Bc6 15.Qc7 Nxd3
16.cxd3 Rc8 17.Qxd8 Rfxd8 18.Red1 Nd5 19.Nxd5 Bxd5 20.Be5 f6 21.Bc3  1/2-1/2

[Event "Yopal"]
[Site "Yopal"]
[Date "1997.06.23"]
[Round "4"]
[White "Rodriguez, Amador"]
[Black "Zapata, Alonso"]
[Result "1/2-1/2"]
[WhiteElo "2555"]
[BlackElo "2515"]

1.e4 c5 2.Nf3 e6 3.d4 cxd4 4.Nxd4 a6 5.Bd3 Nf6 6.O-O Qc7 7.Kh1 Bc5 8.Nb3 Ba7
9.Nc3 d6 10.Bg5 Nbd7 11.Qd2 h6 12.Be3 Bxe3 13.Qxe3 b5 14.Rad1 O-O 15.Rd2 Bb7
16.a3 d5 17.exd5 Nxd5 18.Nxd5 Bxd5 19.f4 Rac8 20.Rfd1 Nf6 21.Nd4 Bc4 22.Qf3 Bxd3  1/2-1/2

[Event "Politiken Cup"]
[Site "Copenhagen"]
[Date "1997.07.07"]
[Round "3"]
[White "Gullaksen, Eirik T"]
[Black "Bezold, Michael"]
[Result "0-1"]
[WhiteElo "2320"]
[BlackElo "2490"]

1.e4 c5 2.Nf3 e6 3.d4 cxd4 4.Nxd4 a6 5.Bd3 Bc5 6.Nb3 Ba7 7.O-O Ne7 8.Nc3 Nbc6
9.Qe2 d6 10.Be3 b5 11.Rae1 b4 12.Nd1 e5 13.Bc4 O-O 14.Bxa7 Rxa7 15.Ne3 a5
16.Qh5 Ng6 17.g3 Be6 18.f4 exf4 19.gxf4 Bxc4 20.Nxc4 a4 21.Nbd2 Qf6 22.Re3 Rd8
23.Rh3 h6 24.Qg4 Qd4+ 25.Kh1 d5 26.Rd3 Qc5 27.Qh5 Nd4 28.Ne3 Ne6 29.Nxd5 Qxc2
30.Nxb4 Qxb2 31.Rxd8+ Nxd8 32.Qd5 Qxb4 33.Qxd8+ Nf8 34.Rb1 Qc5 35.Rb8 Kh7
36.Qb6 Qc1+ 37.Qg1 Rc7 38.Qxc1 Rxc1+ 39.Kg2 Ng6 40.Kf3 Rc3+ 41.Kg4 Rc2 42.Rd8 Rxa2
43.Nc4 Rc2 44.Rd4 h5+ 45.Kf3 a3 46.Nd6 Rc3+ 47.Kf2 Nxf4 48.Nxf7 a2 49.Ra4 Nd3+
50.Ke2 Nb4 51.Kd2 Rc2+  0-1

[Event "Schahin Cury"]
[Site "Americana"]
[Date "1997.07.11"]
[Round "4"]
[White "Zapata, Alonso"]
[Black "Urday, Henry"]
[Result "1/2-1/2"]
[WhiteElo "2505"]
[BlackElo "2445"]

1.e4 c5 2.Nf3 e6 3.d4 cxd4 4.Nxd4 a6 5.Bd3 Qc7 6.O-O Nf6 7.Kh1 d5 8.exd5 Nxd5
9.Re1 Be7 10.c4 Nf6 11.Nc3 Bd7 12.Bg5 Nc6 13.Nf5 exf5 14.Nd5 Nxd5 15.cxd5 O-O
16.Bxe7 Nxe7 17.Rxe7 Qd6 18.Re1 Qxd5 19.Bxa6 Bc6 20.Qxd5  1/2-1/2

[Event "Politiken Cup"]
[Site "Copenhagen"]
[Date "1997.07.13"]
[Round "8"]
[White "Sylvan, Jacob"]
[Black "Adamski, Jan"]
[Result "0-1"]
[WhiteElo "2245"]
[BlackElo "2390"]

1.e4 c5 2.Nf3 e6 3.d4 cxd4 4.Nxd4 a6 5.Bd3 Nf6 6.O-O d6 7.c4 Bd7 8.Nc3 Nc6
9.Be3 Ne5 10.Be2 Rc8 11.b3 Qa5 12.Rc1 Be7 13.f4 Nc6 14.Qd2 O-O 15.Bd3 Nxd4
16.Bxd4 Bc6 17.Qe2 Nd7 18.Nd5 exd5 19.exd5 Bf6 20.Bf2 Bxd5 21.Qh5 g6 22.Qxd5 Qxd5
23.cxd5 Nc5 24.Be2 Ne4 25.Bb6 Rxc1 26.Rxc1 Nc3 27.Bf3 Nxa2 28.Rc7 Re8 29.Rxb7 Nc1
30.Bc7 Bd4+ 31.Kf1 Bc5 32.g3 Re3 33.Rb8+ Kg7 34.Kg2 Nxb3 35.Rd8 Nd4 36.Bg4 h5
37.Bc8 Re2+ 38.Kf1 Rc2 39.Bxa6 Nf3 40.Be2 Nxh2+  0-1

[Event "Wch U20 Girls"]
[Site "Zagan"]
[Date "1997.07.17"]
[Round "4"]
[White "Murray Ortiz, Gisela"]
[Black "Ratcu, Tatiana"]
[Result "0-1"]
[WhiteElo "2005"]
[BlackElo "2205"]

1.e4 c5 2.Nf3 e6 3.d4 cxd4 4.Nxd4 a6 5.Bd3 Qc7 6.Qe2 d6 7.O-O Nf6 8.c4 Be7
9.Nc3 Nc6 10.Be3 Bd7 11.f4 Rc8 12.b3 O-O 13.Rac1 Qb8 14.Bf2 g6 15.e5 Nh5
16.Nxc6 Bxc6 17.Bd4 dxe5 18.Bxe5 Qa7+ 19.Kh1 f6 20.f5 fxe5 21.fxg6 hxg6 22.Qxe5 Bf6
23.Qxe6+ Kg7 24.Qg4 Be8 25.Qxc8 Ng3+ 26.hxg3 Rh8+ 27.Qh3 Rxh3+ 28.gxh3 Qe3
29.Nd5 Bc6 30.Bxg6 Bxd5+ 31.cxd5 Kxg6 32.d6 Qe6 33.Kg2 Qxd6 34.Rcd1 Qc6+
35.Kg1 Be5 36.Rf3 Qxf3  0-1

[Event "RUS-Cup10"]
[Site "Tomsk"]
[Date "1997.07.23"]
[Round "3"]
[White "Voitsekhovsky, Stanislav"]
[Black "Ozolin, Maxim"]
[Result "1-0"]
[WhiteElo "2480"]
[BlackElo "2510"]

1.e4 c5 2.Nf3 e6 3.d4 cxd4 4.Nxd4 a6 5.Bd3 Qc7 6.O-O Nc6 7.Nxc6 dxc6 8.Nd2 Nf6
9.a4 Bc5 10.Nc4 e5 11.Bg5 Be6 12.Bxf6 gxf6 13.Qf3 Qe7 14.Ne3 h5 15.Nf5 Bxf5
16.exf5 Qc7 17.c3 a5 18.Rfb1 Qb6 19.Bc4 Rd8 20.b4 axb4 21.a5 Qc7 22.cxb4 Ba7
23.b5 cxb5 24.Bxb5+ Kf8 25.Bd3 Qc5 26.Be2 e4 27.Qa3 Rd7 28.Qxc5+ Bxc5 29.Rb5 Bd4
30.Rab1 Bc3 31.Bc4 Ke7 32.Rxb7 Bxa5 33.Bxf7 Rxb7 34.Rxb7+ Kd6 35.Rb5 Bc3
36.h4 Be5 37.g3 Ke7 38.Bg6 e3 39.f4 Bd4 40.Kf1 Ra8 41.Bxh5 Ra2 42.Be2 Kd6
43.h5 Bc5 44.Rb8 Ra1+ 45.Kg2 Re1 46.Rb2 Ke7 47.h6 Kf8 48.Rb8+ Ke7 49.Kf3 Rh1
50.h7  1-0